[Event "Elite Hotels Open 2025"]
[Site "Elite Stadshotellet, Växjö, Sweden"]
[Date "2025.02.08"]
[Round "6.14"]
[White "Reid, Gregor J M"]
[Black "Johansson, William 2007"]
[Result "1/2-1/2"]
[TimeControl "R1-4: 15 min + 5 sek, R5-8: 90 min + 30 sek"]
[WhiteElo "2237"]
[BlackElo "2020"]

1. d4 {[%clk 01:29:18]} {[%emt 00:01:41]} Nf6 {[%clk 01:30:54]} {[%emt
00:00:07]} 2. c4 {[%clk 01:29:42]} {[%emt 00:00:05]} e6 {[%clk 01:31:18]}
{[%emt 00:00:06]} 3. Nf3 {[%clk 01:30:07]} {[%emt 00:00:04]} b6 {[%clk
01:31:40]} {[%emt 00:00:10]} 4. a3 {[%clk 01:30:24]} {[%emt 00:00:12]} Bb7
{[%clk 01:32:03]} {[%emt 00:00:07]} 5. Nc3 {[%clk 01:30:47]} {[%emt 00:00:05]}
Be7 {[%clk 01:30:37]} {[%emt 00:01:59]} 6. d5 {[%clk 01:30:59]} {[%emt
00:00:17]} exd5 {[%clk 01:29:52]} {[%emt 00:01:15]} 7. cxd5 {[%clk 01:31:11]}
{[%emt 00:00:18]} O-O {[%clk 01:29:39]} {[%emt 00:00:44]} 8. e4 {[%clk
01:31:13]} {[%emt 00:00:27]} d6 {[%clk 01:28:13]} {[%emt 00:01:57]} 9. Bd3
{[%clk 01:28:41]} {[%emt 00:03:01]} c5 {[%clk 01:25:52]} {[%emt 00:02:52]} 10.
O-O {[%clk 01:26:28]} {[%emt 00:02:41]} Ba6 {[%clk 01:25:45]} {[%emt 00:00:39]}
11. Bxa6 {[%clk 01:23:00]} {[%emt 00:03:58]} Nxa6 {[%clk 01:26:12]} {[%emt
00:00:03]} 12. e5 {[%clk 01:20:42]} {[%emt 00:02:47]} dxe5 {[%clk 01:26:03]}
{[%emt 00:00:40]} 13. Nxe5 {[%clk 01:20:56]} {[%emt 00:00:15]} Bd6 {[%clk
01:24:50]} {[%emt 00:01:43]} 14. Nc4 {[%clk 01:19:30]} {[%emt 00:01:56]} Nc7
{[%clk 01:18:01]} {[%emt 00:07:20]} 15. Bg5 {[%clk 01:13:58]} {[%emt 00:06:01]}
b5 {[%clk 01:11:58]} {[%emt 00:06:33]} 16. Nxd6 {[%clk 01:05:09]} {[%emt
00:09:20]} Qxd6 {[%clk 01:12:11]} {[%emt 00:00:17]} 17. Qf3 {[%clk 01:01:54]}
{[%emt 00:03:44]} b4 {[%clk 01:07:42]} {[%emt 00:05:00]} 18. Bxf6 {[%clk
00:58:14]} {[%emt 00:04:10]} Qxf6 {[%clk 01:06:00]} {[%emt 00:02:11]} 19. Qxf6
{[%clk 00:58:34]} {[%emt 00:00:10]} gxf6 {[%clk 01:06:21]} {[%emt 00:00:09]} 20.
Ne4 {[%clk 00:58:38]} {[%emt 00:00:27]} Nxd5 {[%clk 01:06:34]} {[%emt
00:00:18]} 21. Rfd1 {[%clk 00:57:52]} {[%emt 00:01:15]} Nb6 {[%clk 01:05:39]}
{[%emt 00:01:24]} 22. Nxc5 {[%clk 00:56:44]} {[%emt 00:01:38]} a5 {[%clk
01:04:23]} {[%emt 00:01:47]} 23. g3 {[%clk 00:53:28]} {[%emt 00:03:46]} Kg7
{[%clk 01:01:40]} {[%emt 00:03:12]} 24. Rd4 {[%clk 00:50:23]} {[%emt 00:03:35]}
bxa3 {[%clk 00:55:39]} {[%emt 00:06:31]} 25. Rxa3 {[%clk 00:49:58]} {[%emt
00:00:55]} Rfc8 {[%clk 00:54:50]} {[%emt 00:01:18]} 26. Rg4+ {[%clk 00:43:13]}
{[%emt 00:07:15]} Kf8 {[%clk 00:53:20]} {[%emt 00:02:02]} 27. Rb3 {[%clk
00:41:49]} {[%emt 00:01:52]} Rxc5 {[%clk 00:34:46]} {[%emt 00:19:06]} 28. Rxb6
{[%clk 00:42:01]} {[%emt 00:00:17]} f5 {[%clk 00:20:24]} {[%emt 00:14:53]} 29.
Rh4 {[%clk 00:39:27]} {[%emt 00:03:02]} Kg7 {[%clk 00:20:31]} {[%emt 00:00:24]}
30. Rh5 {[%clk 00:34:16]} {[%emt 00:05:40]} a4 {[%clk 00:17:49]} {[%emt
00:03:13]} 31. Kg2 {[%clk 00:32:50]} {[%emt 00:01:56]} Raa5 {[%clk 00:13:34]}
{[%emt 00:04:46]} 32. Rh4 {[%clk 00:27:06]} {[%emt 00:06:14]} Rcb5 {[%clk
00:12:45]} {[%emt 00:01:19]} 33. Rxa4 {[%clk 00:24:58]} {[%emt 00:02:38]} Rxb6
{[%clk 00:12:08]} {[%emt 00:01:07]} 34. Rxa5 {[%clk 00:25:18]} {[%emt
00:00:09]} Rxb2 {[%clk 00:12:35]} {[%emt 00:00:04]} 35. Rxf5 {[%clk 00:25:41]}
{[%emt 00:00:07]} Kg6 {[%clk 00:12:59]} {[%emt 00:00:06]} 36. g4 {[%clk
00:25:45]} {[%emt 00:00:25]} Rb4 {[%clk 00:10:14]} {[%emt 00:03:15]} 37. Kg3
{[%clk 00:24:56]} {[%emt 00:01:19]} h6 {[%clk 00:10:23]} {[%emt 00:00:22]} 38.
h4 {[%clk 00:24:56]} {[%emt 00:00:29]} Rb1 {[%clk 00:10:25]} {[%emt 00:00:29]}
39. h5+ {[%clk 00:24:54]} {[%emt 00:00:31]} Kg7 {[%clk 00:10:50]} {[%emt
00:00:05]} 40. Rc5 {[%clk 00:23:21]} {[%emt 00:02:02]} Rb4 {[%clk 00:10:21]}
{[%emt 00:01:01]} 41. f3 {[%clk 00:22:56]} {[%emt 00:00:54]} Ra4 {[%clk
00:10:30]} {[%emt 00:00:22]} 42. Re5 {[%clk 00:23:10]} {[%emt 00:00:15]} Rb4
{[%clk 00:10:01]} {[%emt 00:00:59]} 43. Re4 {[%clk 00:23:16]} {[%emt 00:00:25]}
Rb3 {[%clk 00:09:54]} {[%emt 00:00:37]} 44. Kf4 {[%clk 00:23:29]} {[%emt
00:00:15]} Kf6 {[%clk 00:09:50]} {[%emt 00:00:36]} 45. Ra4 {[%clk 00:23:28]}
{[%emt 00:00:30]} Rb6 {[%clk 00:10:09]} {[%emt 00:00:11]} 46. Ke4 {[%clk
00:23:35]} {[%emt 00:00:23]} Re6+ {[%clk 00:10:14]} {[%emt 00:00:26]} 47. Kd5
{[%clk 00:22:52]} {[%emt 00:01:11]} Kg5 {[%clk 00:08:15]} {[%emt 00:02:31]} 48.
Re4 {[%clk 00:20:59]} {[%emt 00:02:23]} Rf6 {[%clk 00:08:06]} {[%emt 00:00:38]}
49. Re3 {[%clk 00:18:47]} {[%emt 00:02:41]} Kf4 {[%clk 00:07:40]} {[%emt
00:00:57]} 50. Ra3 {[%clk 00:16:41]} {[%emt 00:02:36]} Re6 {[%clk 00:05:31]}
{[%emt 00:02:40]} 51. Rc3 {[%clk 00:14:34]} {[%emt 00:02:36]} Re5+ {[%emt
00:04:47]} 1/2-1/2

[Event "Elite Hotels Open 2025"]
[Site "Elite Stadshotellet, Växjö, Sweden"]
[Date "2025.02.08"]
[Round "6.15"]
[White "Eklund, Joel"]
[Black "Eriksson, Lennarth"]
[Result "1-0"]
[TimeControl "R1-4: 15 min + 5 sek, R5-8: 90 min + 30 sek"]
[WhiteElo "2205"]
[BlackElo "1928"]

1. d4 {[%clk 01:30:56]} {[%emt 00:00:02]} d6 {[%clk 01:30:50]} {[%emt
00:00:10]} 2. e4 {[%clk 01:31:19]} {[%emt 00:00:07]} Nf6 {[%clk 01:31:15]}
{[%emt 00:00:06]} 3. f3 {[%clk 01:31:42]} {[%emt 00:00:07]} e5 {[%clk
01:31:36]} {[%emt 00:00:09]} 4. d5 {[%clk 01:32:05]} {[%emt 00:00:07]} c6
{[%clk 01:31:00]} {[%emt 00:01:06]} 5. c4 {[%clk 01:32:27]} {[%emt 00:00:08]}
b5 {[%clk 01:31:11]} {[%emt 00:00:19]} 6. cxb5 {[%clk 01:32:25]} {[%emt
00:00:33]} cxd5 {[%clk 01:31:14]} {[%emt 00:00:27]} 7. exd5 {[%clk 01:32:49]}
{[%emt 00:00:05]} Bb7 {[%clk 01:30:07]} {[%emt 00:01:37]} 8. Nc3 {[%clk
01:32:36]} {[%emt 00:00:44]} Nbd7 {[%clk 01:30:16]} {[%emt 00:00:21]} 9. Bc4
{[%clk 01:31:39]} {[%emt 00:01:26]} g6 {[%clk 01:26:35]} {[%emt 00:04:11]} 10.
Be3 {[%clk 01:30:46]} {[%emt 00:01:23]} Bg7 {[%clk 01:24:50]} {[%emt 00:02:15]}
11. Nge2 {[%clk 01:30:57]} {[%emt 00:00:19]} O-O {[%clk 01:24:50]} {[%emt
00:00:30]} 12. O-O {[%clk 01:31:10]} {[%emt 00:00:17]} Nh5 {[%clk 01:21:55]}
{[%emt 00:03:25]} 13. Qd2 {[%clk 01:29:44]} {[%emt 00:01:57]} f5 {[%clk
01:17:42]} {[%emt 00:04:41]} 14. f4 {[%clk 01:27:58]} {[%emt 00:02:17]} Qe7
{[%clk 01:12:20]} {[%emt 00:05:53]} 15. Bb3 {[%clk 01:24:24]} {[%emt 00:04:04]}
Kh8 {[%clk 01:08:37]} {[%emt 00:04:11]} 16. Rae1 {[%clk 01:21:43]} {[%emt
00:03:12]} Rfc8 {[%clk 00:58:15]} {[%emt 00:10:52]} 17. a4 {[%clk 01:20:49]}
{[%emt 00:01:25]} a6 {[%clk 00:57:22]} {[%emt 00:01:22]} 18. Ra1 {[%clk
01:03:19]} {[%emt 00:18:00]} Nhf6 {[%clk 00:51:02]} {[%emt 00:06:48]} 19. h3
{[%clk 01:01:25]} {[%emt 00:02:26]} a5 {[%clk 00:44:48]} {[%emt 00:06:44]} 20.
Rac1 {[%clk 00:58:25]} {[%emt 00:03:30]} Nc5 {[%clk 00:43:30]} {[%emt
00:01:48]} 21. Bc2 {[%clk 00:57:58]} {[%emt 00:00:57]} Qf7 {[%clk 00:42:12]}
{[%emt 00:01:47]} 22. Rcd1 {[%clk 00:57:33]} {[%emt 00:00:55]} Nfd7 {[%clk
00:41:10]} {[%emt 00:01:33]} 23. Bb1 {[%clk 00:49:29]} {[%emt 00:08:35]} Nb6
{[%clk 00:39:09]} {[%emt 00:02:30]} 24. Ba2 {[%clk 00:48:03]} {[%emt 00:01:56]}
Nbxa4 {[%clk 00:31:48]} {[%emt 00:07:51]} 25. Nxa4 {[%clk 00:48:24]} {[%emt
00:00:09]} Nxa4 {[%clk 00:32:12]} {[%emt 00:00:06]} 26. Rc1 {[%clk 00:47:59]}
{[%emt 00:00:54]} Nc5 {[%clk 00:30:30]} {[%emt 00:02:13]} 27. fxe5 {[%clk
00:47:21]} {[%emt 00:01:08]} Bxe5 {[%clk 00:30:35]} {[%emt 00:00:25]} 28. Nf4
{[%clk 00:46:28]} {[%emt 00:01:23]} Ne4 {[%clk 00:27:15]} {[%emt 00:03:50]} 29.
Qd3 {[%clk 00:36:04]} {[%emt 00:10:54]} Qf6 {[%clk 00:22:26]} {[%emt 00:05:19]}
30. Ne6 {[%clk 00:31:34]} {[%emt 00:05:01]} Rxc1 {[%clk 00:15:46]} {[%emt
00:07:10]} 31. Rxc1 {[%clk 00:31:36]} {[%emt 00:00:28]} Rc8 {[%clk 00:15:47]}
{[%emt 00:00:29]} 32. Rxc8+ {[%clk 00:24:43]} {[%emt 00:07:23]} Bxc8 {[%clk
00:16:10]} {[%emt 00:00:06]} 33. Qc4 {[%clk 00:25:02]} {[%emt 00:00:11]} Bxe6
{[%clk 00:16:09]} {[%emt 00:00:30]} 34. dxe6 {[%clk 00:25:27]} {[%emt
00:00:06]} Qe7 {[%clk 00:12:00]} {[%emt 00:04:39]} 35. b6 {[%clk 00:20:24]}
{[%emt 00:05:34]} Nc5 {[%clk 00:11:17]} {[%emt 00:01:12]} 36. Bh6 {[%clk
00:12:55]} {[%emt 00:07:59]} Bxb2 {[%clk 00:10:34]} {[%emt 00:01:13]} 37. Qd5
{[%clk 00:09:29]} {[%emt 00:03:56]} Nxe6 {[%clk 00:08:08]} {[%emt 00:02:56]} 38.
b7 {[%clk 00:08:54]} {[%emt 00:01:05]} 1-0

[Event "Elite Hotels Open 2025"]
[Site "Elite Stadshotellet, Växjö, Sweden"]
[Date "2025.02.08"]
[Round "6.16"]
[White "Sevastianov, Andrii"]
[Black "Halvarsson, Peter"]
[Result "1-0"]
[TimeControl "R1-4: 15 min + 5 sek, R5-8: 90 min + 30 sek"]
[WhiteElo "2161"]
[BlackElo "1927"]

1. e4 {[%clk 01:30:56]} {[%emt 00:00:03]} d5 {[%clk 01:30:41]} {[%emt
00:00:20]} 2. exd5 {[%clk 01:31:03]} {[%emt 00:00:23]} Qxd5 {[%clk 01:31:04]}
{[%emt 00:00:06]} 3. Nc3 {[%clk 01:31:24]} {[%emt 00:00:08]} Qa5 {[%clk
01:31:31]} {[%emt 00:00:05]} 4. d4 {[%clk 01:29:15]} {[%emt 00:02:39]} c6
{[%clk 01:31:55]} {[%emt 00:00:06]} 5. Nf3 {[%clk 01:26:55]} {[%emt 00:02:50]}
Nf6 {[%clk 01:32:19]} {[%emt 00:00:06]} 6. Bd3 {[%clk 01:26:12]} {[%emt
00:01:13]} Bg4 {[%clk 01:30:33]} {[%emt 00:02:17]} 7. h3 {[%clk 01:26:05]}
{[%emt 00:00:36]} Bxf3 {[%clk 01:28:49]} {[%emt 00:02:15]} 8. Qxf3 {[%clk
01:26:22]} {[%emt 00:00:11]} e6 {[%clk 01:27:15]} {[%emt 00:02:05]} 9. O-O
{[%clk 01:26:25]} {[%emt 00:00:25]} Bd6 {[%clk 01:25:49]} {[%emt 00:01:58]} 10.
Ne4 {[%clk 01:22:05]} {[%emt 00:04:48]} Nxe4 {[%clk 01:24:05]} {[%emt
00:02:16]} 11. Qxe4 {[%clk 01:22:13]} {[%emt 00:00:21]} Nd7 {[%clk 01:22:12]}
{[%emt 00:02:24]} 12. c3 {[%clk 01:20:59]} {[%emt 00:01:43]} Nf6 {[%clk
01:20:48]} {[%emt 00:01:54]} 13. Qe2 {[%clk 01:18:22]} {[%emt 00:03:07]} Qh5
{[%clk 01:14:40]} {[%emt 00:06:39]} 14. Qxh5 {[%clk 01:15:57]} {[%emt
00:02:55]} Nxh5 {[%clk 01:15:03]} {[%emt 00:00:07]} 15. Re1 {[%clk 01:15:16]}
{[%emt 00:01:08]} h6 {[%clk 01:04:39]} {[%emt 00:10:57]} 16. Bd2 {[%clk
01:14:04]} {[%emt 00:01:41]} Nf4 {[%clk 00:58:44]} {[%emt 00:06:26]} 17. Bf1
{[%clk 01:13:55]} {[%emt 00:00:39]} g5 {[%clk 00:57:24]} {[%emt 00:01:49]} 18.
Rad1 {[%clk 01:13:16]} {[%emt 00:01:09]} Kd7 {[%clk 00:54:55]} {[%emt
00:03:00]} 19. g3 {[%clk 01:12:05]} {[%emt 00:01:39]} Ng6 {[%clk 00:53:59]}
{[%emt 00:01:28]} 20. c4 {[%clk 01:10:17]} {[%emt 00:02:17]} a6 {[%clk
00:47:52]} {[%emt 00:06:39]} 21. Bc3 {[%clk 01:09:03]} {[%emt 00:01:42]} Rhe8
{[%clk 00:45:28]} {[%emt 00:02:54]} 22. b4 {[%clk 01:00:50]} {[%emt 00:08:43]}
Rac8 {[%clk 00:41:48]} {[%emt 00:04:11]} 23. a4 {[%clk 00:58:20]} {[%emt
00:03:00]} Ke7 {[%clk 00:30:47]} {[%emt 00:11:31]} 24. c5 {[%clk 00:50:07]}
{[%emt 00:08:43]} Bc7 {[%clk 00:26:43]} {[%emt 00:04:34]} 25. d5 {[%clk
00:48:27]} {[%emt 00:02:10]} cxd5 {[%clk 00:27:05]} {[%emt 00:00:09]} 26. Rxd5
{[%clk 00:48:38]} {[%emt 00:00:16]} Red8 {[%clk 00:27:01]} {[%emt 00:00:37]} 27.
Rxd8 {[%clk 00:40:51]} {[%emt 00:08:09]} Bxd8 {[%clk 00:20:40]} {[%emt
00:06:59]} 28. Bg2 {[%clk 00:39:22]} {[%emt 00:01:58]} Rb8 {[%clk 00:17:52]}
{[%emt 00:03:19]} 29. b5 {[%clk 00:35:55]} {[%emt 00:03:55]} axb5 {[%emt
00:06:16]} 30. axb5 {[%clk 00:36:08]} {[%emt 00:00:17]} Kd7 {[%clk 00:08:15]}
{[%emt 00:04:23]} 31. Ra1 {[%clk 00:28:12]} {[%emt 00:08:23]} Kc8 {[%clk
00:04:09]} {[%emt 00:04:38]} 32. Be4 {[%clk 00:24:51]} {[%emt 00:03:51]} f5
{[%clk 00:03:36]} {[%emt 00:01:04]} 33. Bc2 {[%clk 00:23:01]} {[%emt 00:02:19]}
Bc7 {[%clk 00:00:50]} {[%emt 00:03:16]} 34. Re1 {[%clk 00:22:00]} {[%emt
00:01:29]} Kd7 {[%clk 00:01:04]} {[%emt 00:00:18]} 35. b6 {[%clk 00:22:11]}
{[%emt 00:00:19]} Bd8 {[%clk 00:01:03]} {[%emt 00:00:32]} 36. Bb3 {[%clk
00:21:36]} {[%emt 00:01:04]} Nf8 {[%clk 00:00:37]} {[%emt 00:00:56]} 37. Ba4+
{[%clk 00:16:07]} {[%emt 00:05:59]} Ke7 {[%clk 00:01:06]} 38. Be5 {[%clk
00:15:51]} {[%emt 00:00:45]} Rc8 {[%clk 00:00:36]} {[%emt 00:01:02]} 39. c6
{[%clk 00:15:54]} {[%emt 00:00:26]} Bxb6 {[%clk 00:00:33]} {[%emt 00:00:33]} 40.
cxb7 {[%clk 00:16:11]} {[%emt 00:00:11]} 1-0

[Event "Elite Hotels Open 2025"]
[Site "Elite Stadshotellet, Växjö, Sweden"]
[Date "2025.02.08"]
[Round "6.17"]
[White "Johansson, Isac"]
[Black "Frank, Anton"]
[Result "0-1"]
[TimeControl "R1-4: 15 min + 5 sek, R5-8: 90 min + 30 sek"]
[BlackTitle "CM"]
[WhiteElo "1958"]
[BlackElo "2160"]

1. e4 {[%clk 01:30:59]} e5 {[%clk 01:30:35]} {[%emt 00:00:25]} 2. Nf3 {[%clk
01:31:24]} {[%emt 00:00:05]} Nc6 {[%clk 01:30:59]} {[%emt 00:00:06]} 3. Bc4
{[%clk 01:31:01]} {[%emt 00:00:54]} Nf6 {[%clk 01:31:21]} {[%emt 00:00:07]} 4.
d4 {[%clk 01:31:21]} {[%emt 00:00:10]} exd4 {[%clk 01:31:44]} {[%emt 00:00:06]}
5. e5 {[%clk 01:31:48]} {[%emt 00:00:04]} d5 {[%clk 01:32:06]} {[%emt
00:00:08]} 6. Bb5 {[%clk 01:32:17]} {[%emt 00:00:02]} Nd7 {[%clk 01:32:27]}
{[%emt 00:00:08]} 7. O-O {[%clk 01:31:57]} {[%emt 00:00:50]} Be7 {[%clk
01:31:49]} {[%emt 00:01:08]} 8. Bxc6 {[%clk 01:28:00]} {[%emt 00:04:28]} bxc6
{[%clk 01:32:11]} {[%emt 00:00:08]} 9. Nxd4 {[%clk 01:26:06]} {[%emt 00:02:24]}
Nb8 {[%clk 01:32:30]} {[%emt 00:00:11]} 10. Nd2 {[%clk 01:16:35]} {[%emt
00:10:01]} c5 {[%clk 01:26:16]} {[%emt 00:06:43]} 11. N4f3 {[%clk 01:15:30]}
{[%emt 00:01:35]} Nc6 {[%clk 01:23:23]} {[%emt 00:03:23]} 12. h3 {[%clk
01:14:38]} {[%emt 00:01:22]} Be6 {[%clk 01:20:36]} {[%emt 00:03:17]} 13. Re1
{[%clk 01:12:16]} {[%emt 00:02:53]} O-O {[%clk 01:10:42]} {[%emt 00:10:23]} 14.
Nf1 {[%clk 01:06:10]} {[%emt 00:06:36]} Re8 {[%clk 01:09:20]} {[%emt 00:01:50]}
15. Bf4 {[%clk 01:02:13]} {[%emt 00:04:28]} a5 {[%clk 01:08:18]} {[%emt
00:01:33]} 16. a4 {[%clk 00:57:46]} {[%emt 00:04:57]} Rb8 {[%clk 01:07:47]}
{[%emt 00:01:01]} 17. b3 {[%clk 00:47:47]} {[%emt 00:10:29]} d4 {[%clk
00:56:23]} {[%emt 00:11:53]} 18. Ng3 {[%clk 00:43:02]} {[%emt 00:05:16]} Nb4
{[%clk 00:54:11]} {[%emt 00:02:42]} 19. Rb1 {[%clk 00:27:57]} {[%emt 00:15:35]}
Nd5 {[%clk 00:42:52]} {[%emt 00:11:49]} 20. Bd2 {[%clk 00:25:23]} {[%emt
00:03:05]} c6 {[%clk 00:43:01]} {[%emt 00:00:21]} 21. Qe2 {[%clk 00:21:38]}
{[%emt 00:04:15]} Qc7 {[%clk 00:42:06]} {[%emt 00:01:24]} 22. Ne4 {[%clk
00:19:40]} {[%emt 00:02:28]} h6 {[%clk 00:40:59]} {[%emt 00:01:37]} 23. g4
{[%clk 00:16:51]} {[%emt 00:03:20]} Nb4 {[%clk 00:36:53]} {[%emt 00:04:35]} 24.
Rbc1 {[%clk 00:11:43]} {[%emt 00:05:38]} Red8 {[%clk 00:36:35]} {[%emt
00:00:48]} 25. Bxb4 {[%clk 00:11:34]} {[%emt 00:00:40]} Rxb4 {[%clk 00:36:40]}
{[%emt 00:00:25]} 26. g5 {[%clk 00:10:41]} {[%emt 00:01:23]} h5 {[%clk
00:29:50]} {[%emt 00:07:19]} 27. Nf6+ {[%clk 00:07:58]} {[%emt 00:03:13]} gxf6
{[%clk 00:24:34]} {[%emt 00:05:46]} 28. gxf6 {[%clk 00:08:23]} {[%emt
00:00:05]} Bxf6 {[%clk 00:23:08]} {[%emt 00:01:56]} 29. exf6 {[%clk 00:08:51]}
{[%emt 00:00:03]} Qf4 {[%clk 00:23:15]} {[%emt 00:00:22]} 30. Qe5 {[%clk
00:07:05]} {[%emt 00:02:16]} d3 {[%clk 00:15:43]} {[%emt 00:08:02]} 31. cxd3
{[%clk 00:05:43]} {[%emt 00:01:53]} Rxd3 {[%clk 00:13:39]} {[%emt 00:02:33]} 32.
Qxf4 {[%clk 00:03:08]} {[%emt 00:03:05]} Rxf4 {[%clk 00:14:08]} 33. Ne5 {[%clk
00:02:41]} {[%emt 00:00:57]} Rxh3 {[%clk 00:13:30]} {[%emt 00:01:08]} 34. Rxc5
{[%clk 00:02:59]} {[%emt 00:00:13]} Bd5 {[%clk 00:12:16]} {[%emt 00:01:44]} 35.
f3 {[%clk 00:02:52]} {[%emt 00:00:37]} Rxf6 {[%clk 00:09:52]} {[%emt 00:02:54]}
36. Rxa5 {[%clk 00:02:29]} {[%emt 00:00:53]} Bxb3 {[%clk 00:09:45]} {[%emt
00:00:35]} 37. Rb1 {[%clk 00:01:39]} {[%emt 00:01:22]} Bd5 {[%clk 00:09:33]}
{[%emt 00:00:42]} 38. Rb8+ {[%clk 00:02:01]} {[%emt 00:00:07]} Kg7 {[%clk
00:09:12]} {[%emt 00:00:51]} 39. Raa8 {[%clk 00:02:22]} {[%emt 00:00:10]} Rf5
{[%clk 00:07:19]} {[%emt 00:02:23]} 40. Rg8+ {[%clk 00:01:55]} {[%emt
00:00:57]} Kf6 {[%clk 00:07:35]} {[%emt 00:00:14]} 41. Rae8 {[%clk 00:02:02]}
{[%emt 00:00:22]} Rxe5 {[%clk 00:07:19]} {[%emt 00:00:46]} 42. Kg2 {[%clk
00:01:28]} {[%emt 00:01:05]} Rxe8 {[%clk 00:07:25]} {[%emt 00:00:23]} 0-1